Goalkeepers in Football Teams - Statistics

General Stats
  • This quiz has been taken 86 times
  • The average score is 20 of 40
Answer Stats
Hint Answer % Correct
Germany Manuel Neuer
99%
Bayern Munich Manuel Neuer
99%
Belgium Thibaut Courtois
91%
Real Madrid Thibaut Courtois
91%
Manchester City Ederson
88%
Brazil Alisson
84%
Liverpool Alisson
84%
France Hugo Lloris
81%
Denmark Kasper Schmeichel
80%
Senegal Edouard Mendy
77%
Chelsea Edouard Mendy
77%
England Jordan Pickford
73%
Spain David de Gea
68%
Argentina Emiliano Martinez
62%
Switzerland Yann Sommer
62%
Arsenal Aaron Ramsdale
61%
Costa Rica Keylor Navas
59%
Portugal Rui Patricio
55%
Slovenia Samir Handanovic
55%
Inter Milan Samir Handanovic
55%
West Ham Lukasz Fabianski
50%
AC Milan Mike Maignan
46%
Colombia David Ospina
42%
Napoli David Ospina
42%
Italy Gianluigi Donarumma
42%
Paris Saint-Germain Gianluigi Donarumma
42%
Athletic Bilbao Unai Simon
39%
Russia Igor Akinfeev
34%
Poland Wojceich Szczesny
34%
Borussia Dortmund Roman Burki
31%
Olympique Marseille Steve Mandanda
27%
Bayer 04 Leverkusen Lukas Hradecky
23%
Sevilla Yassine Bounou
23%
Barcelona Marc-Andre Ter Stegan
9%
1. Football Club Union Berlin Andreas Luthe
8%
Villareal Sergio Asenjo
5%
Iran Alireza Beiranvand
4%
Egypt Gabanski
4%
USA Zach Steffan
4%
Sassuolo Gianluca Pegolo
1%
No matching quizzes found
Score Distribution
Percent of People with Each Score
Percentile by Number Answered
Your Score History
You have not taken this quiz